Elektronické záverečné práce, projekt slovenských akademických knižníc

Bibliographic Details
Main Authors: Maťašovská-Tetřevová, Milena (Author), Maťašovský, Žigmund (Author), Haľko, Peter, 1968- (Author)
Format: Article
Language:Slovak
ISSN:1335-5864
Subjects:

MARC

LEADER 00000nab a2200000 a 4500
001 vtls009151374
003 SK-MaSNL
005 20260304151139.0
008 250506c2007 xo qr|p|||n |000 b|slo
015 |a SNBRB2007/10 
035 |a (uuid)14830d65-a779-4108-8571-7f72d92c19f2 
035 |a urn:nbn:sk:snk-ab1hf3 
035 |a (urnnbn)urn:nbn:sk:snk:ar-003tlq 
038 |a SPK 
040 |a SNKBUCL  |b slo  |c SNKBUCL  |e AACR2 
041 0 |a slo 
044 |a xo  |c SK 
072 7 |a 004  |x Počítačová veda. Výpočtová technika. Informačné technológie  |2 konspekt 
080 |a 004.08  |2 1997 
080 |a 027.7  |2 1997 
100 1 |a Maťašovská-Tetřevová, Milena,  |4 aut  |9 107669 
245 1 0 |a Elektronické záverečné práce, projekt slovenských akademických knižníc  |c Milena Maťašovská-Tetřevová, Žigmund Maťašovský, Peter Haľko 
504 |a Bibliogr. odkazy 
650 0 7 |a elektronické zdroje  |2 snkbucl  |9 68867 
650 0 7 |a akademické knižnice  |2 snkbucl  |9 51410 
700 1 |a Maťašovský, Žigmund,  |4 aut  |9 368255 
700 1 |a Haľko, Peter,  |d 1968-  |4 aut  |9 182073 
773 0 |t Academia  |g Roč. XVII., č. 3 (2007), s. 34-36  |x 1335-5864 
850 |a Slovenská národná knižnica 
852 |a Slovenská národná knižnica 
954 |a odborná, vedecká literatúra pôvodná (slovenská)  |2 lita 
958 |a article 
958 |a OND 
958 |a NB 
999 |c 2941813  |d 2943743